000 00890cam a22003133a 4500
001 1400
003 PGUSA
005 20140828083000.0
008 980701s1998||||xxu|||||s|||||000 1 eng d
040 _aPGUSA
_beng
042 _adc
050 4 _aPR
100 1 _aDickens, Charles,
_d1812-1870
245 1 0 _aGreat Expectations
_h[electronic resource] /
_cCharles Dickens
260 _bProject Gutenberg,
_c1998
506 _aPublic domain in the USA.
516 _aElectronic text
653 _aBenefactors -- Fiction
653 _aEx-convicts -- Fiction
653 _aBildungsromans
653 _aOrphans -- Fiction
653 _aEngland -- Fiction
653 _aYoung men -- Fiction
653 _aMan-woman relationships -- Fiction
653 _aRevenge -- Fiction
830 0 _aProject Gutenberg
_v1400
856 4 0 _uhttp://www.gutenberg.org/ebooks/1400
942 _cEB
999 _c230748
_d230748